000 00424nam a2200145Ia 4500
008 100122s9999 xx 000 0 und d
082 _b50973
_a823
100 _aबापट मुकुंद
245 _aस्वप्नछाया
260 _bप्राची चिकटे
_c1995
300 _a194
630 _aस्वप्नछाया
730 _aस्वप्नछाया
942 _cBOOK
999 _c428541
_d428538